000 00588nam a22001937a 4500
999 _c186988
_d186988
005 20220324173843.0
010 _aUR-11491
020 _c870.00
_a-
035 _aU-10046
037 _bDBAD/PUB
_a-
082 _a841.92
_2-
100 _aسيد جعفر ر ضا
245 _aشعر يا ت ا نيس
_c سيد جعفر ر ضا
246 _bSheriat -e-Anis (Urdu)
_aby Jafar Raza
260 _aNew Delhi
_bShabistan
_c2019 ء
270 _a786,Shah Ganj,Alahabad
_bN.Delhi
_e211003
_k-
_l-
300 _a599 ص
_c22 Cm(Hb)
942 _2ddc
_cUR
_h841.92
_mس ی د